| 000 | 00482nam a2200181Ia 4500 | ||
|---|---|---|---|
| 001 | 8099 | ||
| 005 | 20260306160544.0 | ||
| 008 | 260306t2022||||xx |||||||||||||| ||spa|| | ||
| 041 | _aESP | ||
| 082 |
_a370.1 _bL587E |
||
| 100 |
_aLuri Medrano, Gregorio, _eAUT |
||
| 245 | 0 |
_aLa escuela no es un parque de atracciones : _buna defensa del conocimiento poderoso |
|
| 260 | _c2022 | ||
| 300 |
_a415 páginas : _c23 cm. |
||
| 650 | _aGEN | ||
| 654 | _aCED | ||
| 942 |
_cLIB _dJUS _fJUS _2ddc _n |
||
| 999 |
_c8099 _d8099 |
||